000 00534nam a22001817a 4500
005 20251108164236.0
008 250721s1983 xx 000 0 ara d
082 1 4 _a791.437/رؤو
100 1 _aتوفيق، رؤوف
245 1 0 _aسينما المرأة و جزء خاص السينما العارية /
264 1 _aالقاهره :
_c1983.
300 _a214ص : مص
490 0 _aالكتاب الذهبي
650 1 7 _aالسينما
650 1 7 _aالأفلام السينمائية
942 _2ddc
_cBK
999 _c7270
_d7270